000 00366nam a22001577a 4500
003 OSt
008 220615b ||||| |||| 00| 0 eng d
020 _a9789386819475
082 _a004
_bALI
100 _aALLA, Prema
245 _aIntroduction to Data Science Using R
260 _aHyderabad
_bBS Pub.
_c2018
300 _a173
650 _aCSE
942 _2ddc
_cBK
999 _c11374
_d11374